[Event "AUTO-ADV-4514"]
[Site "http://www.queenalice.com/game.php?id=1771274"]
[Date "2021.10.2"]
[Round "2"]
[White "legorille"]
[Black "Wecker"]
[Result "1-0"]
[WhiteElo "1805"]
[BlackElo "1896"]

1. d4 c5 2. d5 d6 3. e4 Nf6 4. Nc3 e6 5. Bb5+ Bd7 6. Bxd7+ Nbxd7 7. Nf3 exd5 8.
exd5 Qe7+ 9. Qe2 Nb6 10. O-O Nbxd5 11. Qxe7+ Nxe7 12. Re1 d5 13. Bg5 d4 14. Nb5
Nd5 15. Nd6+ Kd7 16. Nxf7 Rg8 17. c3 dxc3 18. bxc3 Nc6 19. Rad1 Ne7 20. Bxe7
Bxe7 21. Rxd5+ 1-0

[Event "AUTO-ADV-4514"]
[Site "http://www.queenalice.com/game.php?id=1771275"]
[Date "2021.10.2"]
[Round "2"]
[White "Wecker"]
[Black "legorille"]
[Result "1-0"]
[WhiteElo "1796"]
[BlackElo "1825"]

1. e4 e5 2. Nf3 Nc6 3. d4 exd4 4. Bc4 h6 5. c3 dxc3 6. Nxc3 d6 7. O-O Be7 8. Re1
Nf6 9. b3 O-O 10. Bb2 Bg4 11. Re3 Nd7 12. h3 Bh5 13. Nd5 Bg5 14. Re1 Nce5 15. g4
Nxf3+ 16. Qxf3 Bg6 17. Rad1 Ne5 18. Qe2 Nxc4 19. Qxc4 c6 20. Qd4 f6 21. Ne3 Re8
22. f3 Bh4 23. Re2 Bg3 24. Red2 Bf4 25. Kf2 d5 26. h4 dxe4 27. Qxd8 Bxe3+ 28.
Kxe3 exf3+ 29. Kxf3 Raxd8 30. Rxd8 Kf7 31. Rxe8 Kxe8 32. h5 Bf7 33. Kf4 Ke7 34.
Kf5 Ke8 35. Ba3 Bd5 36. Re1+ Kf7 37. Re7+ 1-0

[Event "AUTO-ADV-4572"]
[Site "http://www.queenalice.com/game.php?id=1778239"]
[Date "2021.12.25"]
[Round "1"]
[White "legorille"]
[Black "PaulMSains"]
[Result "1-0"]
[WhiteElo "1868"]
[BlackElo "2009"]

1. d4 d5 2. Nf3 Bf5 3. Nc3 Nf6 4. e3 e6 5. Nh4 Bg6 6. Nxg6 fxg6 7. Bd3 Bd6 8. h3
O-O 9. O-O c5 10. dxc5 Bxc5 11. Bd2 Nc6 12. a3 d4 13. exd4 Qxd4 14. Be3 Qd6 15.
Bxc5 Qxc5 16. Ne4 Nxe4 17. Bxe4 Rad8 18. Qe2 Nd4 19. Qe3 Qc4 20. c3 Ne2+ 21. Kh1
Nf4 22. Rad1 Kh8 23. Rfe1 Nh5 24. Bf3 Nf4 25. Qxa7 b5 26. Qe7 Qc8 27. Rxd8 Rxd8
28. Re5 Re8 29. Qb4 Nd3 30. Qxb5 Nxe5 31. Qxe5 Qc4 32. Be2 Qb3 33. Bb5 Rf8 34.
Qd6 Rg8 35. Qb4 Qd1+ 36. Kh2 Qd2 37. f3 h5 38. Bc4 Re8 39. Bb5 Rd8 40. Qh4 Rd5
41. Bc4 Re5 42. Qd4 Qxd4 43. cxd4 Re2 44. Bxe2 1-0

[Event "AUTO-ADV-4572"]
[Site "http://www.queenalice.com/game.php?id=1778240"]
[Date "2021.12.25"]
[Round "1"]
[White "PaulMSains"]
[Black "legorille"]
[Result "0-1"]
[WhiteElo "2032"]
[BlackElo "1845"]

1. e4 e5 2. Nf3 d6 3. h3 Nf6 4. Nc3 Be7 5. Bc4 O-O 6. O-O h6 7. d4 exd4 8. Nxd4
Bd7 9. Be3 Nc6 10. Nxc6 Bxc6 11. Qd2 Nxe4 12. Nxe4 Bxe4 13. f3 Bg6 14. Bd3 Bxd3
15. cxd3 Bf6 16. Rac1 a6 17. Rc4 d5 18. Rg4 h5 19. Rb4 b6 20. g4 a5 21. Rf4 d4
22. Bf2 Bg5 23. gxh5 Bxf4 24. Qxf4 c5 25. h6 Qf6 26. Qxf6 gxf6 27. Be1 Kh7 28.
Bd2 Rae8 29. Rf2 Rg8+ 30. Kh2 a4 31. Bf4 b5 32. Bd6 Rc8 33. Be7 f5 34. Rg2 Rxg2+
35. Kxg2 Kxh6 36. Kg3 c4 37. dxc4 bxc4 38. Kh4 d3 39. Bg5+ Kg6 40. Bd2 Rh8+ 41.
Kg3 Re8 42. Bc3 Re2 0-1

[Event "AUTO-ADV-4572"]
[Site "http://www.queenalice.com/game.php?id=1778241"]
[Date "2021.12.25"]
[Round "1"]
[White "legorille"]
[Black "maurice91"]
[Result "1-0"]
[WhiteElo "1824"]
[BlackElo "1689"]

1. e4 e6 2. d4 d5 3. Nc3 c5 4. exd5 cxd4 5. Qxd4 exd5 6. Qxd5 Nc6 7. Qxd8+ Nxd8
8. Bb5+ Bd7 9. Bxd7+ Kxd7 10. Nf3 Nf6 11. O-O Ne6 12. Rd1+ Ke8 13. Nb5 Be7 14.
Bg5 a6 15. Nd6+ Bxd6 16. Rxd6 Ne4 17. Rd5 N6xg5 18. Nxg5 Kf8 19. Nxe4 1-0

[Event "AUTO-ADV-4572"]
[Site "http://www.queenalice.com/game.php?id=1778242"]
[Date "2021.12.25"]
[Round "1"]
[White "maurice91"]
[Black "legorille"]
[Result "0-1"]
[WhiteElo "1678"]
[BlackElo "1835"]

1. d4 Nf6 2. Nf3 d5 3. c4 e6 4. Bg5 Be7 5. Nc3 O-O 6. e3 c6 7. Bd3 dxc4 8. Bxc4
h6 9. Bh4 Nbd7 10. O-O Nb6 11. Bb3 Nbd5 12. Qd3 Nxc3 13. bxc3 Nd5 14. Bxe7 Qxe7
15. Bc2 Nf6 16. g4 g6 17. Ne5 b6 18. f4 Kh8 19. Qxg6 fxg6 0-1

[Event "AUTO-ADV-4572"]
[Site "http://www.queenalice.com/game.php?id=1778243"]
[Date "2021.12.25"]
[Round "1"]
[White "legorille"]
[Black "Eggchaser"]
[Result "1-0"]
[WhiteElo "1890"]
[BlackElo "1770"]

1. d4 Nf6 2. c4 c5 3. d5 e6 4. Nc3 exd5 5. cxd5 d6 6. Nf3 g6 7. e4 Bg7 8. Bb5+
Bd7 9. Qe2 O-O 10. O-O a6 11. Bxd7 Nbxd7 12. Bg5 h6 13. Bh4 b5 14. b3 Qa5 15.
Qc2 Ng4 16. Rac1 Rfe8 17. h3 Nge5 18. Nxe5 Nxe5 19. Bg3 g5 20. f4 gxf4 21. Bxf4
Rac8 22. Nd1 c4 23. Nf2 Qd8 24. bxc4 Nxc4 25. Qe2 Ne5 26. Rxc8 Qxc8 27. Rc1 Qd7
28. Nd3 Nc4 29. Re1 f5 30. Qf3 fxe4 31. Rxe4 Rxe4 32. Qxe4 Kh8 33. Qg6 Ne5 34.
Nxe5 dxe5 35. Bxh6 Bxh6 36. Qxh6+ Kg8 37. Qc6 1-0

[Event "AUTO-ADV-4585"]
[Site "http://www.queenalice.com/game.php?id=1781879"]
[Date "2022.2.1"]
[Round "1"]
[White "Nigel68"]
[Black "legorille"]
[Result "0-1"]
[WhiteElo "1829"]
[BlackElo "1958"]

1. e4 e5 2. Nf3 Nc6 3. a3 d6 4. h3 a6 5. Nc3 Nf6 6. d3 h6 7. Be3 Be7 8. g4 b5 9.
Bg2 Bb7 10. Qe2 Qd7 11. O-O-O Nh7 12. Qd2 g5 13. Nd5 Bd8 14. Kb1 Ne7 15. Nxe7
Bxe7 16. Ne1 c5 17. Bf3 a5 18. c3 Nf6 19. Nc2 b4 20. b3 bxc3 21. Qxc3 Qb5 22. a4
Qa6 23. Na3 Rb8 24. Nb5 Bc6 25. Ka2 Bxb5 26. axb5 Rxb5 27. Qc4 O-O 28. Be2 Qb6
29. Bd2 Rb8 30. Rb1 d5 31. exd5 a4 32. Kb2 Rxb3+ 33. Kc2 Rxb1 34. Re1 Qb2# 0-1

[Event "AUTO-ADV-4585"]
[Site "http://www.queenalice.com/game.php?id=1781880"]
[Date "2022.2.1"]
[Round "1"]
[White "legorille"]
[Black "Nigel68"]
[Result "1-0"]
[WhiteElo "1923"]
[BlackElo "1895"]

1. d4 d5 2. c4 c5 3. cxd5 Qxd5 4. Nf3 Nc6 5. Nc3 Qc4 6. d5 Nd4 7. e4 Nxf3+ 8.
gxf3 Qb4 9. a3 Qb6 10. Bb5+ Kd8 11. Be3 Nf6 12. Qe2 e5 13. dxe6 fxe6 14. Rd1+
Bd7 15. Qd3 Qc7 16. Bg5 Ke8 17. Bxf6 Bxb5 18. Nxb5 Qc6 19. Nxa7 Qb6 20. Qd7# 1-0

[Event "AUTO-ADV-4585"]
[Site "http://www.queenalice.com/game.php?id=1781893"]
[Date "2022.2.1"]
[Round "1"]
[White "legorille"]
[Black "LuisGabriel_HD"]
[Result "0-1"]
[WhiteElo "1903"]
[BlackElo "2079"]

1. e4 e5 2. Nf3 Nc6 3. Bc4 Nf6 4. O-O Bc5 5. d3 h6 6. a3 d6 7. Nc3 Nd4 8. b4
Nxf3+ 9. Qxf3 Bd4 10. Bb2 Bg4 11. Qg3 O-O 12. Rab1 Qd7 13. h3 Be6 14. Ne2 Bxc4
15. Nxd4 exd4 16. dxc4 Nxe4 17. Qd3 d5 18. Qxd4 Nf6 19. c5 Rfe8 20. Rfe1 Qf5 21.
f3 c6 22. c4 dxc4 23. Qxc4 Nd5 24. Qd4 Qg6 25. Rbd1 Qg5 26. Bc1 Qg3 27. Rxe8+
Rxe8 28. Bd2 Re2 29. Qg4 Rxg2+ 0-1

[Event "AUTO-ADV-4585"]
[Site "http://www.queenalice.com/game.php?id=1781894"]
[Date "2022.2.1"]
[Round "1"]
[White "LuisGabriel_HD"]
[Black "legorille"]
[Result "1-0"]
[WhiteElo "2107"]
[BlackElo "1911"]

1. e4 e5 2. Nf3 Nc6 3. Bb5 d6 4. h3 f6 5. Nc3 Bd7 6. d3 a6 7. Bc4 Na5 8. O-O
Nxc4 9. dxc4 Ne7 10. Nd5 Nxd5 11. Qxd5 Bc6 12. Qe6+ Qe7 13. Qf5 Bd7 14. Qh5+ g6
15. Qh4 O-O-O 16. Be3 g5 17. Qg3 h5 18. h4 g4 19. Nd2 Bc6 20. f3 Bh6 21. Bxh6
Rxh6 22. fxg4 Rg8 23. Qe3 Qg7 24. g5 fxg5 25. hxg5 Qxg5 26. Rf8+ 1-0

[Event "AUTO-ADV-4585"]
[Site "http://www.queenalice.com/game.php?id=1781895"]
[Date "2022.2.1"]
[Round "1"]
[White "legorille"]
[Black "Zeca1955"]
[Result "1-0"]
[WhiteElo "1901"]
[BlackElo "2054"]

1. e4 g6 2. d4 Bg7 3. Nf3 d6 4. Nc3 e5 5. dxe5 dxe5 6. Qxd8+ Kxd8 7. Be3 Nc6 8.
Bb5 Nge7 9. O-O-O+ Bd7 10. Ng5 Ke8 11. Bc4 Nd8 12. Rd2 h6 13. Rhd1 Bg4 14. f3
hxg5 15. fxg4 Rxh2 16. Nb5 1-0

[Event "AUTO-ADV-4585"]
[Site "http://www.queenalice.com/game.php?id=1781896"]
[Date "2022.2.1"]
[Round "1"]
[White "Zeca1955"]
[Black "legorille"]
[Result "0-1"]
[WhiteElo "2050"]
[BlackElo "1938"]

1. e4 e5 2. Nf3 Nc6 3. Bb5 d6 4. c3 Ne7 5. O-O Bd7 6. d4 exd4 7. cxd4 a6 8. Ba4
g6 9. d5 Ne5 10. Nc3 Bg7 11. Bf4 Nxf3+ 12. Qxf3 Bxa4 13. Nxa4 O-O 14. Qe3 Re8
15. h4 Nf5 16. Qb3 Nd4 17. Qxb7 Ne2+ 18. Kh1 Nxf4 19. g3 Nh5 20. Rfe1 Nf6 21. f3
Nh5 22. Kh2 Be5 23. Kg2 Nxg3 24. Kf2 Qxh4 25. Ke3 Qf4+ 26. Kd3 Qxf3+ 27. Kc4
Nxe4 28. Rad1 Qf4 29. Qxc7 Rac8 30. Qxc8 Rxc8+ 31. Kb4 Nf2+ 32. Ka5 Nxd1 33. b4
Nc3 34. Nxc3 Bxc3 35. Rb1 Rb8 36. a3 Qc4 37. a4 Bxb4+ 38. Rxb4 Qxb4+ 39. Kxa6
Qxa4# 0-1

[Event "Challenge"]
[Site "http://www.queenalice.com/game.php?id=1782325"]
[Date "2022.2.6"]
[Round "-"]
[White "jorm"]
[Black "legorille"]
[Result "1-0"]
[WhiteElo "1887"]
[BlackElo "1969"]

1. e4 e5 2. Nc3 Nf6 3. a3 Bc5 4. d3 h6 5. h3 O-O 6. Qe2 Nc6 7. Nf3 a6 8. b3 Be7
9. Bb2 d6 10. g3 Be6 11. Bg2 Qd7 12. O-O-O b5 13. Na2 d5 14. Nxe5 Nxe5 15. Bxe5
Bxa3+ 16. Kb1 c6 17. f4 Qe7 18. Bxf6 Qxf6 19. e5 Qe7 20. d4 a5 21. g4 a4 22. Rd3
axb3 23. Rxb3 Ra4 24. Qd2 Rfa8 25. c3 c5 26. Kc2 b4 27. cxb4 Bxb4 28. Nxb4 cxb4
29. Rhb1 Ra2+ 30. R1b2 Qc7+ 31. Kd1 Ra1+ 32. Ke2 Qc4+ 33. Kf2 g6 34. Rxb4 Qc1
35. Qxc1 Rxc1 36. Kg3 Ra3+ 37. Kh2 Rd1 38. Rf2 Rad3 39. f5 gxf5 40. gxf5 Bd7 41.
Rf4 R3d2 42. Rb8+ Kg7 43. Rg4+ Kh7 44. Rbg8 h5 45. R4g7+ Kh6 46. f6 1-0

[Event "AUTO-ADV-4572"]
[Site "http://www.queenalice.com/game.php?id=1784595"]
[Date "2022.3.12"]
[Round "2"]
[White "saida"]
[Black "legorille"]
[Result "0-1"]
[WhiteElo "1880"]
[BlackElo "1930"]

1. e4 c5 2. c3 Nc6 3. d4 cxd4 4. cxd4 e6 5. Nf3 Bb4+ 6. Nc3 Nf6 7. Bg5 h6 8. Bh4
g5 9. Bg3 Nxe4 10. Qd3 Nxg3 11. hxg3 d6 12. O-O-O d5 13. Ne5 Nxe5 14. dxe5 Qb6
15. Qb5+ Qxb5 16. Bxb5+ Bd7 17. Bxd7+ Kxd7 18. f4 Rac8 19. Kc2 Rhd8 20. Rxh6 Rc5
21. a3 Bxc3 22. bxc3 Rdc8 23. Rd3 Ra5 24. Kb3 Rb5+ 25. Kc2 a5 26. a4 Rbc5 27.
Kb3 gxf4 28. gxf4 Rc4 29. Rf6 Ke7 30. g3 R8c6 31. f5 Re4 32. fxe6 fxe6 33. Rh6
Rxe5 34. Rh7+ Kd6 35. Rxb7 Ra6 36. Rb5 Re4 37. c4 Rxc4 38. Rc3 Rg4 39. Rb8 Ra7
40. Rb6+ Ke5 41. Re3+ Re4 42. Rf3 Rg4 43. Re3+ Re4 44. Rxe4+ dxe4 45. Rb5+ Kd4
46. g4 e3 47. Kc2 Ke4 48. Rb3 Rd7 49. Rb6 e5 50. Rb1 e2 51. Re1 Kf3 52. g5 Kf2
53. Rh1 Kg2 54. Re1 Kf2 55. Rh1 e1=Q 56. Rh2+ Kg3 0-1

[Event "AUTO-ADV-4572"]
[Site "http://www.queenalice.com/game.php?id=1784596"]
[Date "2022.3.12"]
[Round "2"]
[White "legorille"]
[Black "saida"]
[Result "0-1"]
[WhiteElo "1950"]
[BlackElo "1844"]

1. d4 Nf6 2. Nc3 e6 3. e4 Bb4 4. Bg5 Nc6 5. Nf3 h6 6. Bh4 d6 7. Bb5 O-O 8. O-O
g5 9. Nxg5 hxg5 10. Bxg5 Bxc3 11. bxc3 e5 12. d5 a6 13. Bxc6 bxc6 14. Qf3 Kg7
15. dxc6 Bg4 16. Bxf6+ Qxf6 17. Qxg4+ Qg6 18. Qxg6+ Kxg6 19. f4 exf4 20. Rxf4
Rab8 21. h4 Rb6 22. Raf1 Rxc6 23. R1f3 Rc4 24. Kf2 c6 25. Rg3+ Kh7 26. Rf6 d5
27. exd5 Rg8 28. Rxc6 Rxc6 29. dxc6 Rc8 30. Rf3 Kg7 31. Rg3+ Kf8 32. h5 Rxc6 33.
Rf3 Rh6 34. g4 Ke7 35. Rf5 Rc6 36. Rf3 Rc4 37. g5 Rg4 38. Rg3 Rf4+ 39. Ke3 Rh4
40. h6 Kf8 41. Kd3 Kg8 42. c4 Rf4 43. c5 Rf5 44. Kc4 Rf2 45. Kb3 a5 46. c6 a4+
47. Kb2 Rf5 48. c7 Rc5 49. Rc3 a3+ 50. Kxa3 Rxc3+ 0-1

[Event "AUTO-ADV-4572"]
[Site "http://www.queenalice.com/game.php?id=1784599"]
[Date "2022.3.12"]
[Round "2"]
[White "legorille"]
[Black "chessman"]
[Result "0-1"]
[WhiteElo "1926"]
[BlackElo "1942"]

1. d4 d5 2. c4 c6 3. cxd5 cxd5 4. Nc3 e6 5. a3 Nf6 6. Nf3 Be7 7. e3 O-O 8. Bd3
a6 9. Ne5 Nc6 10. Nxc6 bxc6 11. O-O c5 12. dxc5 Bxc5 13. b4 Bb6 14. Na4 Bd7 15.
Bb2 Bxa4 16. Qxa4 Qe7 17. Bxa6 Nd7 18. Qb5 Rab8 19. Qe2 Nf6 20. Qf3 Ne4 21. Rad1
Nf6 22. Bxf6 Qxf6 23. Qxf6 gxf6 24. Rc1 Ra8 25. Rc6 Rxa6 26. b5 Rxa3 27. Rxb6
Rc8 28. Rb1 Ra5 29. Rb7 Kg7 30. b6 Ra6 31. g4 Kg6 32. Rc7 Rxb6 33. Rxb6 Rxc7 34.
h4 h5 35. f3 Kh6 36. Kg2 Kg6 37. Rb3 Rc4 38. Kg3 d4 39. exd4 Rxd4 40. Re3 Kh6
41. Rb3 Rd7 42. Rb5 hxg4 43. Kxg4 Kg6 44. Rb4 Rd8 45. f4 Rh8 46. Rb5 f5+ 47. Kg3
Kf6 48. Re5 Rg8+ 49. Kf3 Rg4 50. h5 Rh4 51. Re2 Rxh5 52. Rg2 Rh3+ 53. Kf2 e5 54.
fxe5+ Kxe5 55. Kg1 f4 56. Re2+ Kf5 57. Ra2 Kg4 58. Ra7 f5 59. Rg7+ Kf3 60. Ra7
Rh5 61. Ra3+ Kg4 62. Kg2 f3+ 63. Rxf3 Rh2+ 64. Kxh2 Kxf3 65. Kg1 f4 66. Kf1 Ke3
67. Ke1 Kf3 68. Kf1 Ke3 69. Ke1 f3 70. Kf1 f2 0-1

[Event "AUTO-ADV-4572"]
[Site "http://www.queenalice.com/game.php?id=1784600"]
[Date "2022.3.12"]
[Round "2"]
[White "chessman"]
[Black "legorille"]
[Result "1-0"]
[WhiteElo "1899"]
[BlackElo "1944"]

1. e4 e5 2. Nf3 d6 3. d4 exd4 4. Nxd4 Nf6 5. Nc3 Bd7 6. Be2 Nc6 7. O-O Be7 8. h3
O-O 9. Be3 h6 10. f3 Nh5 11. Qe1 Bh4 12. Qd2 Ng3 13. Rfd1 Nxe2+ 14. Qxe2 Ne5 15.
f4 Ng6 16. Kh2 a6 17. a4 Kh7 18. Qf3 Ne7 19. g3 Bf6 20. Re1 Nc6 21. Rad1 Nxd4
22. Bxd4 Bc6 23. Qd3 Bxd4 24. Qxd4 f6 25. Qd3 Kh8 26. Nd5 Bxa4 27. b3 Bc6 28. c4
Re8 29. b4 b6 30. Qd4 Re6 31. Ra1 Bxd5 32. exd5 Qe7 33. Rxe6 Qf7 34. Rae1 a5 35.
Re7 Qg6 36. bxa5 bxa5 37. Rxc7 Qc2+ 38. Kh1 a4 39. Qe4 Qf2 40. Qe3 Qa2 41. Qe7
Rg8 42. Qxd6 Qf2 43. Rg1 Qf3+ 44. Kh2 a3 45. Rg2 Qb3 46. Ra7 Qxc4 47. Rxa3 Qe4
48. Qe6 Qb4 49. Rga2 Qb1 50. d6 Rb8 51. Ra8 Rxa8 52. Rxa8+ Kh7 53. Ra2 Qd3 54.
Rg2 h5 55. d7 h4 56. Qf5+ Qxf5 57. d8=Q hxg3+ 58. Kxg3 Qg6+ 59. Kh2 Qf5 60. Qd2
Qe4 61. Qc2 f5 62. Qxe4 1-0